000
00274nam a22001337a 4500
008
170306b xxu||||| |||| 00| 0 eng d
020
_a
47071
041
_a
eng
080
_2
6TH
_a
611
100
_a
6
101
_a
SHM
245
_a
HUMAN ANATOMY
_c
MARTINI
942
_2
udc
_c
BK
999
_c
6918
_d
6918